000 00852cam a22002897a 4500
003 CHAP
005 20220329142756.0
008 010926d mx r 00110 spa d
010 _a87628
011 _a88600
035 _a99145
040 _cCHAP
090 _aFolleto 16653
100 0 0 _aKral, Rolf.
_963846
245 1 0 _aLos plaguicidas y sus peligros
_c/por Rolf Kral
260 _aMéxico, d.F. :
_bPRODUSSEP,
_c1987.
300 _a43 p. :
_bilus.
590 _aBATCH-UPD
_b10
_c20130110
_lUCH01
_h0505
590 _aCONVERSION
_b10
_c20130109
_lUCH01
_h1349
650 1 4 _aPesticidas.
_987536
650 1 4 _aPesticidas
_xEfecto en el medio ambiente.
_987548
650 1 4 _aPesticidas
_xToxicidad.
_987571
901 _aBK
905 _aAlejandra Carrasco M.
942 _cFOLL
949 _aFolleto 16653
_bBC
_cFOLL
_d33724002003181
_eTS1
_i99145
_sb
999 _c87628
_d87628